BSOP header

老爹的叮嚀 Just in case I can't be there {ch} / (Record no. 8468)

MARC details
000 -LEADER
fixed length control field 00645nam a2200169 4500
008 - FIXED-LENGTH DATA ELEMENTS--GENERAL INFORMATION
fixed length control field 020114s2001 ch chiCO
020 ## - INTERNATIONAL STANDARD BOOK NUMBER
International Standard Book Number 9570326808
090 ## - LOCALLY ASSIGNED LC-TYPE CALL NUMBER (OCLC); LOCAL CALL NUMBER (OCLC)
Classification number (OCLC) (R) ; Classification number, CALL (RLIN) (NR) HQ799.15
Local cutter number (OCLC) ; Book number/undivided call number, CALL (RLIN) M47
100 1# - MAIN ENTRY--PERSONAL NAME
Personal name 隆梅爾 Mehl Ron
245 10 - TITLE STATEMENT
Title 老爹的叮嚀 Just in case I can't be there {ch} /
Statement of responsibility, etc Ron Mehl.
260 ## - PUBLICATION, DISTRIBUTION, ETC. (IMPRINT)
Place of publication, distribution, etc taiwan :
Name of publisher, distributor, etc 天恩出版社 Scholar Publishing,
Date of publication, distribution, etc c2001.
300 ## - PHYSICAL DESCRIPTION
Extent 197 p.
650 #4 - SUBJECT ADDED ENTRY--TOPICAL TERM
Topical term or geographic name as entry element Parenting
General subdivision Religious aspects
-- Christianity{ch}.
650 #4 - SUBJECT ADDED ENTRY--TOPICAL TERM
Topical term or geographic name as entry element 生活教導/家庭 Parent and teenager
General subdivision Religious aspects
-- Christianity{ch}.
951 ## - EQUIVALENCE OR CROSS-REFERENCE-GEOGRAPHIC NAME/AREA NAME [OBSOLETE] [CAN/MARC only]
General subdivision 00010212
950 0# - LOCAL HOLDINGS (RLIN)
-- 00.00/170.00
951 ## - EQUIVALENCE OR CROSS-REFERENCE-GEOGRAPHIC NAME/AREA NAME [OBSOLETE] [CAN/MARC only]
-- C-3952
-- HQ799.15/M47
-- 070613111036171
-- 2000-12-21
-- CH
Holdings
Withdrawn status Lost status Damaged status Not for loan Home library Current library Shelving location Date acquired Accession number Shelving control number Total Checkouts Full call number Barcode Date last seen Price effective from Koha item type
        BSOP Library BSOP Library Chinese Books (General Circulation) 12/21/2000 C-3952 127   HQ799.15/M47 00010212 02/23/2013 02/23/2013 Books
BSOP

Biblical Seminary of the Philippines
  All rights Reserved
  © 2024

CONTACT INFORMATION

Biblical Seminary of the Philippines,
  77-B Karuhatan Road, Valenzuela City,
  PHILIPPINES 1441
  Phone: +632 8292-6795 / 8292-6798
  Fax : +632 8292-6675
  Email: library@bsop.edu.ph